<?xml version="1.0" encoding="UTF-8"?>
<record
    xmlns:xsi="http://www.w3.org/2001/XMLSchema-instance"
    xsi:schemaLocation="http://www.loc.gov/MARC21/slim http://www.loc.gov/standards/marcxml/schema/MARC21slim.xsd"
    xmlns="http://www.loc.gov/MARC21/slim">

  <leader>03078nam a2200541Ia 4500</leader>
  <controlfield tag="001">2799</controlfield>
  <controlfield tag="008">241029s9999    xx            000 0 und d</controlfield>
  <datafield tag="010" ind1=" " ind2=" ">
    <subfield code="a">2631</subfield>
  </datafield>
  <datafield tag="041" ind1=" " ind2=" ">
    <subfield code="a">Espa&#xF1;ol</subfield>
  </datafield>
  <datafield tag="082" ind1=" " ind2=" ">
    <subfield code="a">NO APLICA</subfield>
  </datafield>
  <datafield tag="245" ind1=" " ind2="0">
    <subfield code="a">Resultados de la gesti&#xF3;n del Distrito 15-01, de la estructura f&#xED;sica y acad&#xE9;mica, de los Centros Educativos del Nivel B&#xE1;sico, del Municipio de los Alcarrizos, Santo Domingo, en el a&#xF1;o 2008</subfield>
  </datafield>
  <datafield tag="260" ind1=" " ind2=" ">
    <subfield code="a">Santo Domingo</subfield>
  </datafield>
  <datafield tag="300" ind1=" " ind2=" ">
    <subfield code="a">127</subfield>
  </datafield>
  <datafield tag="520" ind1=" " ind2=" ">
    <subfield code="a">19</subfield>
  </datafield>
  <datafield tag="630" ind1=" " ind2=" ">
    <subfield code="a">Centros Educativos</subfield>
  </datafield>
  <datafield tag="630" ind1=" " ind2=" ">
    <subfield code="a">Gesti&#xF3;n</subfield>
  </datafield>
  <datafield tag="650" ind1=" " ind2=" ">
    <subfield code="a">Gesti&#xF3;n Educativa</subfield>
  </datafield>
  <datafield tag="690" ind1=" " ind2=" ">
    <subfield code="a">Elaborado</subfield>
  </datafield>
  <datafield tag="700" ind1=" " ind2=" ">
    <subfield code="e">asesor</subfield>
    <subfield code="a">de Jes&#xFA;s Contreras, Zeneyda </subfield>
  </datafield>
  <datafield tag="700" ind1=" " ind2=" ">
    <subfield code="e">autor</subfield>
    <subfield code="a">Barett, Johaida</subfield>
  </datafield>
  <datafield tag="700" ind1=" " ind2=" ">
    <subfield code="e">autor</subfield>
    <subfield code="a">Almonte , Erika </subfield>
  </datafield>
  <datafield tag="901" ind1=" " ind2=" ">
    <subfield code="a">{"1":"Barett","2":"Almonte "}</subfield>
    <subfield code="b">{"1":"Johaida","2":"Erika "}</subfield>
  </datafield>
  <datafield tag="902" ind1=" " ind2=" ">
    <subfield code="a">1</subfield>
  </datafield>
  <datafield tag="903" ind1=" " ind2=" ">
    <subfield code="a">{"1":"de Jes&#xFA;s Contreras"}</subfield>
    <subfield code="b">{"1":"Zeneyda "}</subfield>
  </datafield>
  <datafield tag="904" ind1=" " ind2=" ">
    <subfield code="a">Maestr&#xED;a en</subfield>
  </datafield>
  <datafield tag="905" ind1=" " ind2=" ">
    <subfield code="a">Gesti&#xF3;n de Centros Educativos</subfield>
  </datafield>
  <datafield tag="906" ind1=" " ind2=" ">
    <subfield code="a">2</subfield>
  </datafield>
  <datafield tag="907" ind1=" " ind2=" ">
    <subfield code="a">NO APLICA</subfield>
  </datafield>
  <datafield tag="908" ind1=" " ind2=" ">
    <subfield code="a">NO APLICA</subfield>
  </datafield>
  <datafield tag="909" ind1=" " ind2=" ">
    <subfield code="a">Universidad Aut&#xF3;noma de Santo Domingo (UASD)</subfield>
  </datafield>
  <datafield tag="910" ind1=" " ind2=" ">
    <subfield code="a">NULL</subfield>
    <subfield code="b">NULL</subfield>
  </datafield>
  <datafield tag="911" ind1=" " ind2=" ">
    <subfield code="a">["1"]</subfield>
  </datafield>
  <datafield tag="912" ind1=" " ind2=" ">
    <subfield code="a">NO APLICA</subfield>
  </datafield>
  <datafield tag="913" ind1=" " ind2=" ">
    <subfield code="a">NULL</subfield>
  </datafield>
  <datafield tag="914" ind1=" " ind2=" ">
    <subfield code="a">06 de Julio de 2009</subfield>
  </datafield>
  <datafield tag="915" ind1=" " ind2=" ">
    <subfield code="a">30/09/14 03:09</subfield>
  </datafield>
  <datafield tag="916" ind1=" " ind2=" ">
    <subfield code="a">NULL</subfield>
  </datafield>
  <datafield tag="917" ind1=" " ind2=" ">
    <subfield code="a">NULL</subfield>
  </datafield>
  <datafield tag="918" ind1=" " ind2=" ">
    <subfield code="a">NO APLICA</subfield>
  </datafield>
  <datafield tag="919" ind1=" " ind2=" ">
    <subfield code="a">["33","111"]</subfield>
  </datafield>
  <datafield tag="520" ind1=" " ind2=" ">
    <subfield code="a">Si bien es Cierto que a lo largo del tiempo siempre se realizan cambios, tambi&#xE9;n lo es el hecho de que en la actualidad hay m&#xE1;s cambios, tan r&#xE1;pidos y profundos que generan una sensaci&#xF3;n de p&#xE9;rdida de control e incertidumbre.El objetivo general de esta investigaci&#xF3;n es determinar los resultados de la gesti&#xF3;n de la estructura f&#xED;sica y acad&#xE9;mica que realiza el distrito 15-01 en las escuelas del nivel B&#xE1;sico del municipio de Los Alcarrizos en el a&#xF1;o 2008 y, tambi&#xE9;n, describir los componentes que integran la estructura f&#xED;sica de las escuelas del nivel B&#xE1;sico del Distrito Educativo 15-01.Este estudio es de tipo exploratorio, de m&#xE9;todo inductivo y se utilizaron t&#xE9;cnicas de investigaci&#xF3;n donde se analizaron procesos expl&#xED;citos e impl&#xED;citos. Se trabaj&#xF3; con una muestra de centros educativos p&#xFA;blicos del nivel B&#xE1;sico equivalente al 25%.Se concluye que la gesti&#xF3;n realizada por el Distrito Educativo 15-01, de las estructura f&#xED;sicas y acad&#xE9;micas de los centros educativos del nivel B&#xE1;sico que le corresponden, esperaba para el a&#xF1;o 2007 resultados generales que englobaban una categorizaci&#xF3;n de efectivos que, si bien es cierto resultan &#xFA;tiles a la hora de solicitar recursos a instancias superiores, tambi&#xE9;n lo es que no establecen un criterio preciso de cu&#xE1;n efectiva es la gesti&#xF3;n a favor de la calidad de la educaci&#xF3;n que se imparte en la comunidad de Los Alcarrizos.Se recomienda que la evaluaci&#xF3;n de la gesti&#xF3;n debe ser m&#xE1;s espec&#xED;fica y obtener mayor car&#xE1;cter o envergadura y se deben estandarizar procesos que lleven al cumplimiento de metas.</subfield>
  </datafield>
  <datafield tag="921" ind1=" " ind2=" ">
    <subfield code="a">16</subfield>
  </datafield>
  <datafield tag="922" ind1=" " ind2=" ">
    <subfield code="a">16</subfield>
  </datafield>
  <datafield tag="923" ind1=" " ind2=" ">
    <subfield code="a">0</subfield>
  </datafield>
  <datafield tag="924" ind1=" " ind2=" ">
    <subfield code="a">NO APLICA</subfield>
  </datafield>
  <datafield tag="942" ind1=" " ind2=" ">
    <subfield code="c">Tesis</subfield>
  </datafield>
  <datafield tag="999" ind1=" " ind2=" ">
    <subfield code="c">2631</subfield>
    <subfield code="d">2631</subfield>
  </datafield>
</record>
